| 000 | 00334nam a2200109Ia 4500 | ||
|---|---|---|---|
| 008 | 200302s9999 xx 000 0 und d | ||
| 100 | _aR. H. Pachauri | ||
| 245 | _aFrom Sunlight to Electricity A Practical Handbook on Solar Photovoltaic applications | ||
| 260 | _bThe Energy and Resources Institute | ||
| 260 | _c2010 | ||
| 300 | _a121 P., | ||
| 999 |
_c2860 _d2860 |
||